00446cam a22001572 4500001001100000005001700011008004100028040001500069100003600084245004400120250001300164260004800177300001100225651004900236852000300285000001203520151217155849.0090127s xx 000 0 eng d aKABUcKABU1 aGarlick, Phyllis L.@000016821710aUganda contrasts /cPhyllis L. Garlick. a1st ed. aLondon :bChurch Missionary Society,c1927. a74 p. 0aUgandaxSocial life and customs.@00001682161